Statystyki dla Najbardziej lubiane polskie piosenki

Kliknij tutaj aby rozwiązać quiz!

Ogólne statystyki

  • Ten quiz został rozwiązany 849 razy
    (185 od ostatniego zresetowania)
  • Średni wynik to 45 z 264

Statystyki odpowiedzi

PolubieniaWykonawca(y)Tytuł% Poprawnych
1,43 MLNRonnie FerrariONA BY TAK CHCIAŁA
80%
1,42 MLNEKIPA3KIPA
77%
931 TYS.EKIPA, JacuśZYGZAK
65%
742 TYS.SŁAWOMIRMiłość w Zakopanem
64%
659 TYS.sanahSzampan
58%
1,34 MLNEKIPA, WIP BROSPRZEJMUJEMY JUTUBY
57%
742 TYS.KizoDISNEY
56%
810 TYS.White 2115California
53%
821 TYS.MataPatointeligencja
53%
1,06 MLNMataPatoreakcja
52%
1,06 MLNTACONAFIDETamagotchi
52%
711 TYS.SobelFiołkowe pole
51%
901 TYS.MataKiss cam
49%
755 TYS.Daj To GłośniejMama ostrzegała
49%
329 TYS.OKIJeżyk!
48%
774 TYS.GrubSonNa szczycie
46%
474 TYS.sanah, Vito BambinoAle jazz!
43%
419 TYS.BAKU FAMILYWEŹ NIE PYTAJ
43%
600 TYS.PAWEŁ DOMAGAŁAWeź nie pytaj
43%
717 TYS.Kacper BlonskyELUWINA!!!
42%
700 TYS.Mata, Quebonafide, Malik MontanaPapuga
41%
597 TYS.MataSchodki
41%
369 TYS.Donatan, CleoMy Słowianie
39%
630 TYS.Sobel, sanahCześć, jak się masz?
36%
900 TYS.Tymek, Big ScytheJęzyk Ciała
36%
544 TYS.EKIPA, RoxieNAPAD NA BANK
34%
447 TYS.Young LeosiaSzklanki
34%
538 TYS.TACONAFIDE, Bedoes8 Kobiet
33%
785 TYS.TYMEK, BIG SCYTHE, DEYSANIOŁY I DEMONY
33%
567 TYS.SobelBandyta
33%
414 TYS.Kacper BlonskyCRUSHER
33%
573 TYS.YOUNG MULTIPlecak
33%
449 TYS.MataSzafir
33%
474 TYS.Mr. PolskaZłote Tarasy
33%
802 TYS.EKIPACHILL
31%
383 TYS.PALION, NeoNZIELONE
31%
509 TYS.Sylwia GrzeszczakTamta dziewczyna
30%
720 TYS.Deemz, Bedoes, PlanBeEldorado
29%
470 TYS.Young Leosia, ŻabsonJungle Girl
29%
707 TYS.#Hot16Challenge2Szpaku
29%
663 TYS.QBIK4 Pory Roku
28%
594 TYS.REMO, GIMPSON, MAMIKOBombsite A
28%
317 TYS.Quebonafide, Daria ZawiałowBUBBLETEA
28%
412 TYS.GOLEC uORKIESTRA, GROMEE, BEDOESGÓRĄ TY
28%
654 TYS.Quebonafide, Klaudia SzafrańskaCandy
27%
815 TYS.SobelImpreza
27%
432 TYS.AkcentPrzez Twe Oczy Zielone
27%
300 TYS.EKIPASEN
27%
821 TYS.Quebonafide, ReToHalf dead
26%
369 TYS.Dawid PodsiadloMałomiasteczkowy
26%
432 TYS.TEAM XSIEDEM
25%
748 TYS.Bedoes, LanekJesteś ładniejsza niż na zdjęciach
24%
314 TYS.Disney Polska, Katarzyna ŁaskaMam tę moc
24%
454 TYS.sanahMelodia
24%
390 TYS.Viki Gabor, KayahRamię W Ramię
24%
576 TYS.chillwagon@
23%
333 TYS.Mata100 dni do matury
23%
1,04 MLNGummi MiśBańkę Łap
23%
468 TYS.GawryleHarnaś Ice Tea
23%
606 TYS.SB MaffijaLawenda
23%
674 TYS.ReToUA
23%
690 TYS.EKIPA, QryZAEBYŚCIE
23%
356 TYS.#Hot16Challenge2MATA
22%
738 TYS.TYMEK, TRILL PEM, TEDERAINMAN
22%
592 TYS.SariusWiking
22%
499 TYS.FRIZ, MASNY BENYO MAMALE
22%
306 TYS.#Hot16Challenge2Bedoes
21%
452 TYS.SmolastyDuże Oczy
21%
385 TYS.Kinny ZimmerRozmazana kreska
21%
565 TYS.Disco MarekZOSTAŃ MOJĄ KOTKĄ
21%
545 TYS.GUZIOR, Oskar83F A L A
20%
380 TYS.Mata, Adam, Szczepan, WyguśGOMBAO 33
20%
390 TYS.OIOWorki w tłum
20%
360 TYS.CleoDOM
19%
529 TYS.TACONAFIDEKryptowaluty
19%
571 TYS.BLACHAMademoiselle
19%
403 TYS.MiłyPanMałolatki
19%
705 TYS.OtsochodziNie, nie
19%
587 TYS.ReToPapierosy_rmx
19%
588 TYS.LETNIPOMIDOROWA
19%
388 TYS.ŻabsonSEXOHOLIK
19%
577 TYS.PaluchSZAMAN
19%
302 TYS.FRIZ, MR. POLSKAAWARYJNE ŚWIATŁA
18%
486 TYS.Young IgiBestia
18%
623 TYS.#Hot16Challenge2FRIZ
18%
409 TYS.CleoŁowcy Gwiazd
18%
454 TYS.Gibbs, KiełasPiękny świat
18%
419 TYS.MataSzmata
18%
487 TYS.Popek, MatheoWodospady
18%
630 TYS.ŁobuzyZbuntowany Anioł
18%
621 TYS.ReToBilly Kid
17%
383 TYS.MGNGCOCO
17%
417 TYS.Bedoes, Kubi Producent, Koldi, Young Multi, BeteoDelfin
17%
343 TYS.DYCHA, MASNOD jak DYCHA
17%
507 TYS.ZBUKU, Śliwa, SztossMłoda krew
17%
460 TYS.CleoZa Krokiem Krok
17%
330 TYS.sanah2:00
16%
340 TYS.OIOAmerykańskie Teledyski
16%
339 TYS.ReTo, AviBMW
16%
488 TYS.AlbertoDwutakt
16%
421 TYS.Malik Montana, Mr.PolskaJagodzianki
16%
320 TYS.MASNY BENLOUDA
16%
321 TYS.WEEKENDOna Tańczy Dla Mnie
16%
431 TYS.Męskie Granie, Kortez, Podsiadło, ZalewskiPoczątek
16%
596 TYS.TymekPoza kontrolą
16%
392 TYS.ŁYDKA GRUBASARapapara
16%
495 TYS.FRIZ, PATECWAKACJE
16%
559 TYS.#Hot16Challenge2WERSOW
16%
492 TYS.#HOT16CHALLENGE2YOUNG IGI
16%
483 TYS.K2, Buka1 moment
15%
457 TYS.GUZIORB L U E B E R R Y
15%
341 TYS.Taco HemingwayDeszcz na betonie
15%
315 TYS.sanahNic dwa razy
15%
402 TYS.Otsochodzi, Taco HemingwayNowy Kolor
15%
537 TYS.Bedoes, LanekOpowieści z Doliny Smoków
15%
491 TYS.YOUNG MULTIPogba
15%
438 TYS.#hot16challenge2TACONAFIDE
15%
407 TYS.#Hot16Challenge2Andrzej Duda
14%
464 TYS.Stuu, LexyBest Life
14%
506 TYS.ReToBossman
14%
414 TYS.BLACHACasablanca
14%
310 TYS.Magiera, SobelDrobna zabawa
14%
483 TYS.ŻabsonFloyd Mayweather
14%
381 TYS.BIAŁAS, LANEKGrill u Gawrona
14%
487 TYS.Malik Montana, DaChoyce, The PlugJetlag
14%
350 TYS.DR. VODKAKOKAINA
14%
408 TYS.sanahkolońska i szlugi
14%
375 TYS.MiłyPanKrólowa
14%
404 TYS.Mata, White 2115La la la
14%
495 TYS.Young IgiMówiłaś
14%
376 TYS.Taco HemingwayNostalgia
14%
366 TYS.KRTDZoczy zielone
14%
336 TYS.Smolasty, 730HunchoPijemy Za Lepszy Czas
14%
327 TYS.sanah, Kwiat JabłoniSzary świat
14%
325 TYS.sanahten Stan
14%
449 TYS.VITO, BELLATSUNAMI
14%
398 TYS.SKOLIMWyglądasz Idealnie
14%
537 TYS.PaluchBez Strachu
13%
345 TYS.YOUNG MULTI, BedoesDiamenty
13%
317 TYS.Miszel, Kabedres
13%
533 TYS.SzpakuHinata
13%
462 TYS.Bedoes, Kubi Producent, Golec uOrkiestraJanosik
13%
380 TYS.SobelKinol
13%
378 TYS.White 2115Mogę dziś umierać
13%
424 TYS.Tribbs, KubańczykOstatni raz zatańczysz ze mną
13%
514 TYS.Malik Montana, K KokeRobię Yeah
13%
459 TYS.ReTo, QuebonafideSorry Dolores
13%
304 TYS.Kacper BlonskyTylko Ty
13%
351 TYS.SŁAWOMIRTy mała znów zarosłaś
13%
493 TYS.KaeN, Cheeba, WdoWAZbyt wiele
13%
439 TYS.Blowek, dezyderyZnowu Mam Bana
13%
337 TYS.schafterhot coffee
12%
532 TYS.Dycha, MasnoMASNO FEST
12%
397 TYS.EKIPASE4ON
12%
426 TYS.SobelWyglądasz tak pięknie
12%
513 TYS.Bedoes, Kubi Producent05:05
11%
443 TYS.SB MaffijaA nie pamiętasz jak?
11%
381 TYS.Roksana WęgielAnyone I Want To Be
11%
314 TYS.MIYO, TymekBędzie lepiej
11%
310 TYS.Filipek, TymekDementor
11%
386 TYS.Smolasty, BiałasFake Love
11%
463 TYS.PaluchGdybyś kiedyś
11%
924 TYS.CypisGdzie jest biały węgorz ?
11%
429 TYS.ŻabsonKsiężniczki
11%
365 TYS.Adam StachowiakMamo
11%
529 TYS.Ganja MafiaMój Ziomek
11%
451 TYS.YOUNG MULTINie Wiem
11%
396 TYS.MataPATOPROHIBICJA
11%
302 TYS.Mr. Polska, Malik MontanaPistolet
11%
401 TYS.GUZIORPłuca Zlepione Topami
11%
643 TYS.Taco HemingwayPOLSKIE TANGO
11%
558 TYS.CypisPutin
11%
445 TYS.Wiatr, be vis, SobelTestarossa
11%
470 TYS.ZeboTYPOWY TRAP
11%
463 TYS.Smolasty, OtsochodziUzależniony
11%
555 TYS.KALI30 KMH
10%
370 TYS.GedzBali
10%
468 TYS.Bedoes, LanekNadchodzi Lato
10%
444 TYS.KabeNad ranem
10%
404 TYS.Ronnie Ferrari, korwetaORIGAMI
10%
384 TYS.ReToRS7
10%
409 TYS.Gang AlbaniiDla prawdziwych dam
9%
472 TYS.Mini Majk, Poczciwy KrzychuFinał 365
9%
498 TYS.SobelKażdego dnia
9%
399 TYS.kartkykoszmar minionego lata
9%
387 TYS.KUBAŃCZYKLADY PANK
9%
381 TYS.White 2115Morgan
9%
314 TYS.Ganja MafiaPole Marysi
9%
306 TYS.Bedoes, LanekVOGUE
9%
469 TYS.Bedoes, Lanek1998
8%
360 TYS.ZEUSBędziemy dziećmi
8%
315 TYS.#hot16challenge2Dawid Podsiadlo
8%
440 TYS.ZBUKUDo końca
8%
313 TYS.BedoesGustaw
8%
457 TYS.Borys LBD, BadoJessica
8%
416 TYS.chillwagonjolka
8%
331 TYS.Paluch, SzpakuKontrola Jakości
8%
302 TYS.ŻabsonMłody Boss
8%
437 TYS.#hot16challenge2MURCIX
8%
439 TYS.Trill Pem, Wac TojaNICKI
8%
356 TYS.GUZIOR, SzpakuNinja
8%
326 TYS.SB MaffijaParapetówa
8%
314 TYS.Kabe, KizoSkiety&Klapki
8%
405 TYS.QBIKTaka Dama
8%
338 TYS.GUZIORWIFI
8%
393 TYS.PALIONALE ALE
7%
331 TYS.ReToBlask
7%
301 TYS.C-BooLNever Go Away
7%
357 TYS.Szpaku, WłodiOddajemy krew Wampirom
7%
314 TYS.danny, popekpakistanskie disco
7%
359 TYS.PUT-INPiosenka o Białym Misiu
7%
362 TYS.Dr. SWAGZERUJEMY 07
7%
313 TYS.MataŻółte flamastry i grube katechetki
7%
346 TYS.Kubi Producent, Beteo, ReTo, SilesBad Boy
6%
327 TYS.Paluch, SłońBalans
6%
312 TYS.QuebonafideBogini
6%
302 TYS.Young IgiBuzi
6%
345 TYS.BEKA KSHJESTEM MARYNARZEM
6%
681 TYS.#Hot16challenge2MARCYSIA
6%
321 TYS.Beteo, ReToMeow
6%
349 TYS.PALIONMILION
6%
330 TYS.Malik MontanaMówili
6%
316 TYS.Malik Montana, DihoNaaajak
6%
303 TYS.White 2115, Bedoes, KuqeNowi kumple
6%
321 TYS.Disney Polska, Natalia NykielPół kroku stąd
6%
355 TYS.TEAM XPOLO GANG
6%
405 TYS.LETNIRADIO
6%
404 TYS.QuebonafideSZUBIENICAPESTYCYDYBROŃ
6%
309 TYS.SB Maffija, Wac Toja, KoldiTWERK
6%
368 TYS.SzpakuUFO
6%
363 TYS.C-BooLWonderland
6%
422 TYS.KUBAŃCZYKZWYKŁY CHŁOPAK
6%
327 TYS.Bedoes, Lanek, DJ JohnyBrzydkie Rzeczy
5%
312 TYS.ŻabsonDMT
5%
899 TYS.Komodo(I Just) Died In Your Arms
5%
425 TYS.Kabaret Czwarta Fala, Łukasz Sienicki, Artur TelusWIEŚKA TICO
5%
334 TYS.QuebonafideZorza
5%
395 TYS.ChadaŻyć aż do bólu
5%
317 TYS.cheatzgdzie jest stary dawid
4%
356 TYS.Solar, BiałasIntercontinental Bajers
4%
304 TYS.TKMJeden buziak
4%
303 TYS.B.R.OMówiła mi
4%
343 TYS.Lil $isNARCYZ PEDAU
4%
328 TYS.KALI, PALUCHOPARY
4%
322 TYS.KALIPIRACI
4%
313 TYS.LETNI, MalczyńscySEBAMOBIL
4%
315 TYS.Słoń, SzpakuSicario
4%
414 TYS.KAZIKTwój ból jest lepszy niż mój
4%
338 TYS.South Blunt SystemByła chłodna
3%
303 TYS.C-BooL, Giang PhamDJ Is Your Second Name
3%
314 TYS.QuebonafideJESIEŃ
3%
396 TYS.YOUNG MULTIKim Ty Jesteś
3%
319 TYS.#Hot16Challenge2MARCIN DUBIEL, ADIS
3%
372 TYS.Kabaret Czwarta Fala, Dagmara MichtaMÓJ PASSAT ROBI WE WSI SZUM
3%
431 TYS.MATAMONTANA
3%
330 TYS.Zebo, CheatzDISS NA KLAUDUSIEK
2%
326 TYS.MataJESTEM POJ384NY
2%
416 TYS.Śpiewające BrzdąceLisek Łakomczuszek
2%
389 TYS.#hot16challenge2Tata Maty
2%
1,04 MLNDisney Polska, Katarzyna Łaska, Magdalena WasylikDzień jak ze snu
1%
303 TYS.IsAmUGive Me That bicz ….
1%
373 TYS.Dziecięce PrzebojeIdziemy do ZOO
1%
385 TYS.CypisJBĆ PIS
1%
349 TYS.NutkoSfera (CeZik)W UKŁADZIE SŁONECZNYM
1%

Rozkład punktacji

Percentyl według liczby udzielonych odpowiedzi

Procent ludzi z każdym wynikiem

Twoja historia wyników

Nie rozwiązałeś tego quizu od ostatniego zresetowania